00709naa#a2200169#i#4500001001600000005001700016011001400033100004100047102000700088200017400095210010300269215001000372608004500382675004200427700005200469856001800521RU\\bibl\10444920260703023636.5##a2227-1171##a20260630b2026####ek#y0rusy0150####ca##aRU1#aПРАВОСОЗНАНИЕ В УСЛОВИЯХ ИНФОРМАЦИОННОЙ ЭНТРОПИИ СОВРЕМЕННОГО ОБЩЕСТВАeЖурнальная статья1#aКазаньcКазанский юридический институт МВД Россииd2026##a5 с.##aЖурнальная статья2local##aПравосознание. 340.114.5#1aШеудженgНурдин Асланович4#avestnikkui.ru